Determinants of intensity of non-farm employment at household level in Tamil villages (Record no. 55470)

000 -LEADER
fixed length control field 00489pab a2200169 454500
008 - FIXED-LENGTH DATA ELEMENTS--GENERAL INFORMATION
fixed length control field 180718b2002 xxu||||| |||| 00| 0 eng d
100 ## - MAIN ENTRY--PERSONAL NAME
Personal name Iyyampillai, S.
245 ## - TITLE STATEMENT
Title Determinants of intensity of non-farm employment at household level in Tamil villages
260 ## - PUBLICATION, DISTRIBUTION, ETC.
Date of publication, distribution, etc. 2002
300 ## - PHYSICAL DESCRIPTION
Extent p.24-34.
362 ## - DATES OF PUBLICATION AND/OR SEQUENTIAL DESIGNATION
Dates of publication and/or sequential designation Jul-Dec
650 ## - SUBJECT ADDED ENTRY--TOPICAL TERM
Topical term or geographic name entry element Employment - India - Tamil Nadu
650 ## - SUBJECT ADDED ENTRY--TOPICAL TERM
Topical term or geographic name entry element Employment
700 ## - ADDED ENTRY--PERSONAL NAME
Personal name Jayakumar, N.
773 ## - HOST ITEM ENTRY
Main entry heading Political Economy Journal of India
909 ## -
-- 55470
Holdings
Withdrawn status Lost status Damaged status Not for loan Permanent Location Current Location Date acquired Serial Enumeration / chronology Barcode Date last seen Price effective from Koha item type
        Indian Institute of Public Administration Indian Institute of Public Administration 2018-07-19 Volume no: 11, Issue no: 3-4 AR55915 2018-07-19 2018-07-19 Articles

Powered by Koha